| 000 | 01048cam a2200253 4500 | ||
|---|---|---|---|
| 001 | WB3933-12 | ||
| 008 | 030901n2003 000 0 eng u | ||
| 035 | _a(Sirsi) u123450 | ||
| 245 | _aNitrate leaching puts government on the spot | ||
| 260 | _c2003 | ||
| 490 |
_aENDS Report _v(343) August 2003, 8(1) |
||
| 520 | _aFarmers must take stricter measures to reduce nitrate leaching in order to protect groundwaters, concludes a study by the Environment Agency. Government is required by the 1991 EC Directive on nitrate from farming to improve measures to curb nitrate leaching in areas designated as nitrate vulnerable zones (NVZs). Going beyond these measures will be unpopular with the farming industry. | ||
| 590 | _aWB | ||
| 650 | _aNITRATE LEACHING | ||
| 650 | _aNITRATE LEVELS | ||
| 650 | _aENVIRONMENT AGENCY | ||
| 650 | _aFARMING INDUSTRY | ||
| 650 | _aNITRATE VULNERABLE ZONES | ||
| 650 | _aDIRECTIVE 91/676/EEC | ||
| 650 | _aGROUNDWATER PROTECTION | ||
| 650 | _aRESEARCH REPORTS | ||
| 690 |
_aRural _96268 |
||
| 942 | _n0 | ||
| 999 |
_c73322 _d73322 |
||